Guess the letters of the alphabet by number - Statistics

General Stats
  • This quiz has been taken 160 times
  • The average score is 25 of 26
Answer Stats
Hint Answer % Correct
15 o
98%
1 a
97%
2 b
97%
3 c
97%
16 p
97%
5 e
96%
12 l
96%
17 q
96%
4 d
94%
6 f
94%
7 g
94%
8 h
94%
9 i
94%
13 m
94%
14 n
94%
21 u
94%
19 s
93%
23 w
93%
25 y
93%
26 z
93%
10 j
92%
11 k
92%
18 r
92%
20 t
92%
22 v
92%
24 x
92%
No matching quizzes found
Score Distribution
Percent of People with Each Score
Percentile by Number Answered
Your Score History
You have not taken this quiz